|
|
|
|
| LEADER |
00000nam a22000007a 4500 |
| 005 |
20130228175445.0 |
| 007 |
cr|||| |||| |
| 008 |
130228e2009 sp |||||s|||| 00||0 spa d |
| 020 |
|
|
|a 978-84-8454-651-1
|
| 035 |
|
|
|a 7374
|
| 040 |
|
|
|a vLex
|
| 090 |
|
|
|c 3792
|d 3792
|
| 100 |
1 |
0 |
|a Montero Hernanz, Toms̀
|
| 245 |
1 |
0 |
|a Compendio de Legislacin̤ y Jurisprudencia Penitenciaria
|h [Recurso electrn̤ico]
|
| 256 |
|
|
|a Servicio en ln̕ea
|
| 260 |
|
|
|a Alicante :
|b Editorial Club Universitario,
|c 2009
|
| 300 |
|
|
|a 1 Recurso electrn̤ico
|
| 650 |
0 |
4 |
|a Jurisprudencia penal
|z Espaą
|
| 650 |
0 |
4 |
|a Derecho penal
|z Espaą
|
| 740 |
|
|
|a vLex Libros (Servicio en ln̕ea)
|
| 856 |
|
|
|a Acceso restringido
|u http://www.vlex.com/source/7374
|
| 942 |
|
|
|c BOOK
|
| 999 |
|
0 |
|a Jurisprudence
|